Statistics for Top 100 Footballers of 2019

Click here to take the quiz!

General Stats

  • This quiz has been taken 59 times
  • The average score is 75 of 100

Answer Stats

RankTeamNationPlayer% Correct
4JuventusPortugalCristiano Ronaldo
100%
11Tottenham HotspurEnglandHarry Kane
100%
8Manchester CityBelgiumKevin De Bruyne
100%
5PSGFranceKylian Mbappe
100%
1FC BarcelonaArgentinaLionel Messi
100%
3LiverpoolEgyptMohamed Salah
100%
7Bayern MunichPolandRobert Lewandowski
100%
10LiverpoolSenegalSadio Mane
100%
2LiverpoolNetherlandsVirgil Van Dijk
100%
30Tottenham HotspurSouth KoreaHeung-Min Son
96%
6Atletico MadridSloveniaJan Oblak
96%
23PSGBrazilNeymar
96%
14LiverpoolBrazilRoberto Firmino
96%
17Manchester CityPortugalBernardo Silva
94%
20Manchester CitySpainDavid Silva
94%
16Real MadridBelgiumEden Hazard
94%
31Real MadridCroatiaLuka Modric
94%
12FC BarcelonaGermanyMarc-Andre Ter Stegen
94%
9Manchester CityEnglandRaheem Sterling
94%
15Manchester CityArgentinaSergio Aguero
94%
47PSGBrazilThiago Silva
94%
25LiverpoolEnglandTrent Alexander-Arnold
92%
22FC BarcelonaFranceAntoine Griezmann
90%
73FC BarcelonaUruguayLuis Suarez
90%
37ArsenalGabonPierre-Emerick Aubameyang
90%
13LiverpoolBrazilAlisson
88%
26LiverpoolScotlandAndrew Robertson
88%
60Real MadridWalesGareth Bale
88%
28FC BarcelonaSpainGerard Pique
88%
18ChelseaFranceN'Golo Kante
88%
55Real MadridSpainSergio Ramos
88%
57Real MadridGermanyToni Kroos
88%
35Manchester UnitedSpainDavid De Gea
86%
29LiverpoolBrazilFabinho
84%
54Manchester UnitedFrancePaul Pogba
84%
58Tottenham HotspurDenmarkChristian Eriksen
82%
50FC BarcelonaNetherlandsFrenkie De Jong
82%
75Manchester CityAlgeriaRiyad Mahrez
82%
21Manchester CityFranceAymeric Laporte
80%
38Real MadridFranceKarim Benzema
80%
65PSGCosta RicaKeylor Navas
80%
56Borussia DortmundGermanyMarco Reus
80%
27JuventusBosnia-HerzegovinaMiralem Pjanic
80%
71FC BarcelonaCroatiaIvan Rakitic
78%
32FC BarcelonaSpainJordi Alba
78%
33Bayern MunichGermanyJoshua Kimmich
78%
19NapoliSenegalKalidou Koulibaly
78%
42JuventusNetherlandsMatthijs De Ligt
78%
52PSGItalyMarco Verratti
76%
84Borussia DortmundGermanyMats Hummels
76%
39NapoliBelgiumDries Mertens
75%
24Manchester CityBrazilEderson
75%
88Manchester CityBrazilFernandinho
75%
79Leicester CityEnglandJamie Vardy
75%
48Real MadridFranceRaphael Varane
75%
89Inter MilanBelgiumRomelu Lukaku
75%
43FC BarcelonaSpainSergio Busquets
75%
93Manchester CityBrazilGabriel Jesus
73%
86Borussia DortmundEnglandJadon Sancho
73%
45Bayern MunichSpainThiago Alcantara
73%
63RB LeipzigGermanyTimo Werner
73%
41PSGArgentinaAngel Di Maria
71%
67Bayern MunichGermanyManuel Neuer
71%
44Tottenham HotspurBelgiumJan Vertonghen
69%
92JuventusArgentinaPaulo Dybala
69%
82Real MadridBelgiumThibaut Courtois
69%
40Real MadridBrazilCasemiro
67%
46LiverpoolNetherlandsGeorginio Wijnaldum
67%
81JuventusItalyGiorgio Chiellini
67%
83AtalantaArgentinaAlejandro Gomez
65%
98LazioItalyCiro Immobile
65%
61Atletico MadridSpainKoke
65%
96Vitesse/ Real Madrid/ Real SociedadNorwayMartin Odegaard
65%
85Inter Milan/ PSGArgentinaMauro Icardi
65%
80Inter MilanSloveniaSamir Handanovic
65%
94AjaxSerbiaDusan Tadic
63%
51AjaxMoroccoHakim Ziyech
63%
91NapoliItalyLorenzo Insigne
63%
78Manchester CitySpainRodri
61%
72Tottenham HotspurBelgiumToby Alderweireld
61%
36Real MadridSpainDaniel Carvajal
59%
34Atletico MadridUruguayJose Gimenez
59%
100Real BetisFranceNabil Fekir
59%
53Bayern MunichGermanySerge Gnabry
59%
70PSGBrazilMarquinhos
53%
74FC BarcelonaFranceClement Lenglet
51%
99Inter MilanArgentinaLautaro Martinez
51%
66Inter MilanSlovakiaMilan Skriniar
51%
77Manchester UnitedEnglandHarry Maguire
49%
95RC CeltaSpainIago Aspas
49%
62Borussia DortmundBelgiumAxel Witsel
47%
59Bayern MunichGermanyNiklas Sule
45%
64Atletico MadridSpainSaul Niguez
43%
90Leicester CityPortugalRicardo Pereira
41%
69JuventusPolandWojciech Szczesny
41%
49Villarreal CFSpainSanti Cazorla
39%
87NapoliSpainFabian Ruiz
35%
97AS MonacoFranceWissam Ben Yedder
35%
76Real SociedadSpainMikel Oyarzabal
31%
68Valencia CFSpainDaniel Parejo
29%

Score Distribution

Percentile by Number Answered

Percent of People with Each Score

Your Score History

You have not taken this quiz